00457nam a22001097a 4500082001000000100002500010245011400035260003600149942001200185999001900197952013100216 a294.6 aSingh Ji, Giani Gian aRaj Khalsa Part 2:bRise of Sikh States of Patiala, Nabha, Jind, Fridkot and Kapurthla /cGiani Gian Singh Ji aU.S.A :bBaljinder singh,cN.D. 2ddccBK c541289d541289 00102ddc406294_600000000000000_SIN709501575aCLbCLcPLITd2021-02-23l0o294.6 SINpCL-E-854r2021-02-23w2021-02-23yBK